|
|
|
|
| LEADER |
01578nam a2200409 a 4500 |
| 001 |
EBC806852 |
| 003 |
MiAaPQ |
| 005 |
20200520144314.0 |
| 006 |
m o d | |
| 007 |
cr cn||||||||| |
| 008 |
110902s2012 enka sb 001 0 eng d |
| 010 |
|
|
|z 2011036629
|
| 020 |
|
|
|z 9781409419792 (hbk. alk. paper)
|
| 020 |
|
|
|a 9781409419808 (electronic bk.)
|
| 035 |
|
|
|a (MiAaPQ)EBC806852
|
| 035 |
|
|
|a (Au-PeEL)EBL806852
|
| 035 |
|
|
|a (CaPaEBR)ebr10514746
|
| 035 |
|
|
|a (CaONFJC)MIL336756
|
| 035 |
|
|
|a (OCoLC)764471453
|
| 040 |
|
|
|a MiAaPQ
|c MiAaPQ
|d MiAaPQ
|
| 050 |
|
4 |
|a HD9502.A2
|b N496 2012
|
| 082 |
0 |
4 |
|a 333.79
|2 23
|
| 245 |
0 |
0 |
|a New security frontiers
|h [electronic resource] :
|b critical energy and the resource challenge /
|c edited by Sai Felicia Krishna-Hensel.
|
| 260 |
|
|
|a Farnham ;
|a Burlington, Vt. :
|b Ashgate,
|c c2012.
|
| 300 |
|
|
|a vi, 223 p. :
|b ill.
|
| 490 |
1 |
|
|a Global interdisciplinary studies series
|
| 504 |
|
|
|a Includes bibliographical references and index.
|
| 533 |
|
|
|a Electronic reproduction. Ann Arbor, MI : ProQuest, 2015. Available via World Wide Web. Access may be limited to ProQuest affiliated libraries.
|
| 650 |
|
0 |
|a Energy security.
|
| 650 |
|
0 |
|a Energy policy.
|
| 650 |
|
0 |
|a Power resources
|x Political aspects.
|
| 650 |
|
0 |
|a Energy consumption
|x Political aspects.
|
| 655 |
|
4 |
|a Electronic books.
|
| 700 |
1 |
|
|a Krishna-Hensel, Sai Felicia.
|
| 710 |
2 |
|
|a ProQuest (Firm)
|
| 830 |
|
0 |
|a Global interdisciplinary studies series.
|
| 856 |
4 |
0 |
|u https://ebookcentral.proquest.com/lib/matrademy/detail.action?docID=806852
|z Click to View
|